| 000 | 01339cam a22002054a 4500 | ||
|---|---|---|---|
| 005 | 20250605164138.0 | ||
| 008 | 250528s ||||||||||||||||||||||||d | ||
| 035 | _a18854 | ||
| 020 | _a8486094836 | ||
| 040 |
_aGR-AtMCL _bgre _dGR-AtMCL _eAACR2 |
||
| 245 | 1 | _aEurope Connected Or Disconnected? Broadband Networks in Less Developed Regions / Regional Evolution Planning for Intergrated Broadband Communication (I) | |
| 260 |
_bFundesco, _c1991 |
||
| 300 | _a232 | ||
| 520 | _aThe Importance of Advanced Communications in Regional Development, Preface and Acknowledgements, Introduction, Rationale, Selection of REVOLVE Regions, Report Structure, Factors Governing The Impact of Advanced Communication, Limitations, The Underlying Dynamic: Long Wage Theory, The Role of Telecommunication, Telecommunication as Diffusion of ICT, What Does IBC Add?, Conclusions, European Regions: Convergence or Divergence?, From Convergence to Cohesion, Telecommunication Policy, Conclusions, The Amenability of European Regions to Advanced Communications, Introduction and Classification System, Factors Influencing Classification, Typical Regions Classification, Conclusions and Recommendations, Appendices, References. | ||
| 700 | 1 |
_aGaitan Richardo _95125 |
|
| 700 | 1 |
_aSiochru Sean O _95126 |
|
| 942 | _cBK | ||
| 999 |
_c4163 _d4163 |
||